000 00934nam a22003377a 4500
001 BR0205748
003 BR-BrBNA
005 20230928101214.0
007 ta
008 230509b bl.||||| |||| 00| 0 por d
040 _aBR-BrBNA
_bpor
_cBiblioteca Nacional de Agricultura
041 _a(Por)
072 _aE20
090 _ E20 BR0205748
100 1 _aTung, N.H.
245 1 _aControladoria financeira das empresas: uma abordagem prática
250 1 _a9. ed.
260 3 _aSão Paulo, SP (Brasil):
_bEdições Universidade-Empresa Ltda,
_c2001.
300 _a456 p.
500 _a47 ref.; 54 illus.; 93 tables
650 _aADMINISTRAÇÃO FINANCEIRA
650 _aEMPRESA
650 _aPLANEJAMENTO
650 _aFINANCIAMENTO
650 _aORÇAMENTO
650 _aRECURSO ECONÔMICO
650 _aCAPITAL DE GIRO
650 _aBALANÇA COMERCIAL
909 _a202309
_bLucia
_c55
_dLucia Elande
942 _cBK
999 _c64717
_d64717